The elements of inputs-output analysis / (Record no. 255)

MARC details
000 -LEADER
fixed length control field 00736nam a22001577a 4500
008 - FIXED-LENGTH DATA ELEMENTS--GENERAL INFORMATION
fixed length control field 111109t xxu||||| |||| 00| 0 eng d
050 ## - LIBRARY OF CONGRESS CALL NUMBER
Classification number HB71.M62
100 ## - MAIN ENTRY--PERSONAL NAME
Personal name Miernyk, William H.
245 ## - TITLE STATEMENT
Title The elements of inputs-output analysis /
Statement of responsibility, etc. William, H. Miernyk
260 ## - PUBLICATION, DISTRIBUTION, ETC.
Place of publication, distribution, etc. New York:
Name of publisher, distributor, etc. Random House,
Date of publication, distribution, etc. c1965.
300 ## - PHYSICAL DESCRIPTION
Extent vii,156 p.:
Other physical details ill.
Dimensions 21cm.
500 ## - GENERAL NOTE
General note Includes bibliographical references and index.
505 ## - FORMATTED CONTENTS NOTE
Formatted contents note Contents: Introduction -- Input-output analysis -- Applications of input-output analysis -- Regional and interregional input-output analysis -- International developments -- The Frontiers of input-output analysis -- The Rudiments of inputs-output mathematics.
650 ## - SUBJECT ADDED ENTRY--TOPICAL TERM
Topical term or geographic name entry element Input-output analysis
942 ## - ADDED ENTRY ELEMENTS (KOHA)
Source of classification or shelving scheme Library of Congress Classification
Koha item type Books
Holdings
Withdrawn status Lost status Source of classification or shelving scheme Damaged status Not for loan Home library Current library Shelving location Date acquired Total Checkouts Full call number Barcode Date last seen Price effective from Koha item type
    Library of Congress Classification     WISCONSIN INTERNATIONAL UNIVERSITY COLLEGE, GHANA - MAIN LIBRARY WISCONSIN INTERNATIONAL UNIVERSITY COLLEGE, GHANA - MAIN LIBRARY General Stacks 09/11/2011   HB71.M62 714/11 09/11/2011 09/11/2011 Books

If you have any concerns or questions; kindly contact the library


© Powered by WIUC ICT DIRECTORATE